000 00627nam a2200241Ia 4500
003 OSt
005 20220918191150.0
006 a|||||r|||| 00| 0
007 ta
008 220917b |||||||| |||| 00| 0 eng d
024 _a61,817
037 _cTextual
040 _aARTS
_cARTS
_beng
041 _2eng
_aeng
082 _aQ43, J8
100 _aDavid Neel A
_975151
245 0 _aSecret oral teaching in Tibetan Buddhist sects tr by H N M Hardy
260 _c1958
650 _aRELIGION
700 _a Yongden L
_975152
942 _hQ43, J8
_cTEXL
_2CC
999 _c188586
_d188586